| 000 | 00745nam a2200229 u 4500 | ||
|---|---|---|---|
| 005 | 20250128063745.0 | ||
| 008 | 090818s2006 es r 000 0 spa d | ||
| 020 | _a8420648124 (10 dígitos) | ||
| 020 | _a9784820648125 (13 dígitos) | ||
| 035 | _aUPN01000171899 | ||
| 049 | _aCG | ||
| 050 | 4 |
_aBF455 _bB7.28a |
|
| 100 | 1 |
_aBruner, Jerome Seymour, _d1915- |
|
| 245 | 1 | 0 |
_aActos de significado : _bmás allá de la revolución cognitiva / _cJerome Bruner ; tr. de Juan Carlos Gómez Crespo. |
| 250 | _a[Nueva ed.] | ||
| 260 |
_aMadrid : _bAlianza, _c2006. |
||
| 300 | _a168 p. | ||
| 534 |
_pTítulo original: _tActs of meaning |
||
| 650 | 2 |
_aSignificado (psicología) _914374 |
|
| 650 | 2 |
_aPsicología cognoscitiva _96335 |
|
| 905 | _aLibro | ||
| 999 |
_c144003 _d144003 |
||